Who chooses? who loses? : (Record no. 4471)
[ view plain ]
| 000 -LEADER | |
|---|---|
| fixed length control field | 01028nam a22002652 4500 |
| 001 - CONTROL NUMBER | |
| control field | 0000024062 |
| 005 - DATE AND TIME OF LATEST TRANSACTION | |
| control field | 20151217145945.0 |
| 008 - FIXED-LENGTH DATA ELEMENTS--GENERAL INFORMATION | |
| fixed length control field | 130509s xx 000 0 eng d |
| 020 ## - INTERNATIONAL STANDARD BOOK NUMBER | |
| International Standard Book Number | 080773537x : |
| 040 ## - CATALOGING SOURCE | |
| Original cataloging agency | KABU |
| Transcribing agency | KABU |
| 245 10 - TITLE STATEMENT | |
| Title | Who chooses? who loses? : |
| Remainder of title | culture, institutions, and the unequal effects of school choice / |
| Statement of responsibility, etc. | edited by Bruce Fuller and Richard F. Elmore with Gary Orfied. |
| 250 ## - EDITION STATEMENT | |
| Edition statement | 1st ed. |
| 260 ## - PUBLICATION, DISTRIBUTION, ETC. (IMPRINT) | |
| Place of publication, distribution, etc. | London : |
| Name of publisher, distributor, etc. | Teachers College Press, |
| Date of publication, distribution, etc. | 1996. |
| 300 ## - PHYSICAL DESCRIPTION | |
| Extent | x, 213 p. |
| 650 #0 - SUBJECT ADDED ENTRY--TOPICAL TERM | |
| Topical term or geographic name as entry element | School choice |
| General subdivision | Social aspects |
| Geographic subdivision | United States. |
| -- | 0000183982 |
| 650 #0 - SUBJECT ADDED ENTRY--TOPICAL TERM | |
| Topical term or geographic name as entry element | Educational equalization |
| Geographic subdivision | United States. |
| -- | 0000183983 |
| 650 #0 - SUBJECT ADDED ENTRY--TOPICAL TERM | |
| Topical term or geographic name as entry element | Politics and education. |
| Geographic subdivision | United States. |
| -- | 0000183984 |
| 700 1# - ADDED ENTRY--PERSONAL NAME | |
| Personal name | Fuller, Bruce. |
| -- | 0000183985 |
| 700 1# - ADDED ENTRY--PERSONAL NAME | |
| Personal name | Elmore, Richard F. |
| -- | 0000136958 |
| 700 1# - ADDED ENTRY--PERSONAL NAME | |
| Personal name | Orfied, Gary. |
| -- | 0000183986 |
| 852 1# - LOCATION | |
| -- | p3120 KES |
| 852 1# - LOCATION | |
| -- | p3120 KES |
| 908 ## - PUT COMMAND PARAMETER (RLIN) | |
| Put command parameter | 130509 |
| 950 ## - LOCAL HOLDINGS (RLIN) | |
| -- | 1 |
| Withdrawn status | Lost status | Source of classification or shelving scheme | Not for loan | Home library | Current library | Date acquired | Total Checkouts | Full call number | Barcode | Date last seen | Price effective from | Koha item type |
|---|---|---|---|---|---|---|---|---|---|---|---|---|
| Library of Congress Classification | Kabarak, Main Campus | Kabarak, Main Campus | 17/12/2015 | LB1027.9 .W46 1996 c. 1 | 015197 | 17/12/2015 | 17/12/2015 | General Collection | ||||
| Library of Congress Classification | Kabarak, Main Campus | Kabarak, Main Campus | 17/12/2015 | LB1027.9 .W46 1996 c. 2 | 015172 | 17/12/2015 | 17/12/2015 | General Collection |